000 00921nam a2200253Ia 4500
003 OSt
005 20221005113359.0
006 a|||||r|||| 00| 0
007 ta
008 221004b |||||||| |||| 00| 0 pan d
020 _a9789380825823 (hbk)
_c350
024 _a17431
037 _b913, 20/03/2015, H.K. Prakashan
_cTextual
040 _aCRL
_cCRL
_bpan
041 _2pan
_apan
082 _aO168,3N12w, 153Q4
100 _aਨਰੇ੍ਵਦਰ ਮੋਹਨ
245 0 _aਮੰਟੋ ਗ਼ਿੰਦਾ ਹੈ
_b ਸਆਦਤ ਹਸਨ ਮੰਟੋ ਦੀ ਜੀਵਨੀ
260 _aਰਲੰਧਰ
_bਦੀਪਕ ਪਬਲਿFਰਗ਼ ਭਾਰਤ
_c2014
300 _a192ਪੰ
_ccm.
650 _aਪੰਜਾਬੀ ਸਾਹਿਤ
942 _hO168,3N12w, 153Q4
_cTEXL
_2cc
999 _c1027988
_d1027988